02877nam a22002897a 4500008004100000020001800041040000800059041000800067100004300075245023500118260003700353300004900390490002700439520086500466520074001331650003802071650004802109650006802157650005502225650004602280700004102326700004602367700004602413942000802459952010502467999001502572251014b |||||||| |||| 00| 0 eng d a9788411573245 ctbs aeng aDíaz Gutiérrez, Eva926154eauthor aMundo profesional 1b: edición híbrida : libro + plataforma digital : curso de español para ámbitos profesionales A1-A2c/ Eva Díaz Gutiérrez, Eva Narvajas Colón, Pilar Pérez Cañizares, María Suárez Lasierra. aBarcelona :bDifusión, c2025. a189 pages :billustrations (color) ;c28 cm. aMundo profesional ;v1 aUn manual ideal para aprender a usar el español en contextos profesionales. • Ofrece una visión de las realidades empresariales y profesionales del mundo hispanohablante. • Forma a los usuarios para comunicarse de manera efectiva en el entorno laboral: videoconferencias, correos electrónicos, mensajería y más. • La estructura es muy clara, con una progresión equilibrada de contenidos. • Cada unidad incluye un resumen del vocabulario, la gramática y los recursos comunicativos más importantes. • Se presta especial atención a los aspectos interculturales. • Desarrolla todas las competencias con un enfoque particular en la mediación. • Ofrece videos auténticos. • Edición híbrida: libro + plataforma digital con una gran cantidad de recursos (libro interactivo, audio, videos, exámenes, glosarios, etc.). aAn ideal textbook for learning to use Spanish in professional contexts. • Provides insight into the business and professional realities of the Spanish-speaking world. • Trains learners to communicate effectively in the workplace: videoconferences, emails, messaging, and more. • Features a clear structure with a balanced progression of content. • Each unit includes a summary of the most important vocabulary, grammar, and communication tools. • Pays special attention to intercultural aspects. • Develops all skills, with a particular focus on mediation. • Includes authentic videos. • Hybrid edition: book + digital platform with a wide range of resources (interactive book, audio, videos, exams, glossaries, etc.). 0aSpanish language xGrammar910270 0aSpanish languagexStudy and teaching926155 0aSpanish language xStudy and teaching xForeign speakers912080 0aSpanish languagevComposition and exercises926157 0aSpanish languagexBusiness Spanish926156 aNarvajas Colón, Eva926160eauthor aPérez Cañizares, Pilar926161eauthor aSuárez Lasierra, María926162eauthor 2lcc 00102lcc4070aTBSbTBSd2025-10-14l0oP-SP LEARN DIApB07688r2025-10-14t1w2025-10-14ySPANISH c5046d5046